Loading...
Glycoproteins their composition, structure and function
| Other Authors: | |
|---|---|
| Format: | Printed Book |
| Language: | English |
| LEADER | 00348nam a2200097Ia 4500 | ||
|---|---|---|---|
| 008 | 210227s9999||||xx |||||||||||||| ||eng|| | ||
| 245 | 0 | |a Glycoproteins |b their composition, structure and function | |
| 700 | |a Gottschalk, Alfred |e editor. | ||
| 942 | |c BK | ||
| 999 | |c 356320 |d 356320 | ||
| 952 | |0 0 |1 0 |4 0 |7 0 |9 413478 |a BOT |b BOT |c ST1 |d 2021-03-01 |l 0 |p BOT3790 |r 2021-03-01 |w 2021-03-01 |y BK | ||